Bairros de Olinda em um mapa - Statistics

Estatísticas Gerais
  • Esse quiz foi jogado 96 vezes
  • A pontuação média é 16 de 31
Respostas no mapa
Respostas codificadas por cores de uma escala verde-vermelha no mapa do quiz de acordo com a % correta abaixo.
 
Estatísticas das Respostas
Bairro % Correto
Rio Doce
98%
Casa Caiada
93%
Ouro Preto
88%
Peixinhos
88%
Jardim Atlântico
85%
Bairro Novo
78%
Salgadinho
68%
Fragoso
66%
Tabajara
66%
Varadouro
63%
Aguazinha
61%
Bultrins
56%
Amaro Branco
51%
Amparo
51%
Águas Compridas
49%
Caixa D'Água
49%
Carmo
49%
Sapucaia
44%
Sítio Novo
44%
Guadalupe
41%
Jardim Brasil
41%
Alto da Bondade
39%
Alto da Conquista
37%
Passarinho
34%
Bonsucesso
32%
Vila Popular
32%
Santa Tereza
20%
Alto do Sol Nascente
17%
São Benedito
17%
Alto da Nação
15%
Monte
15%
Nenhum quiz correspondente encontrado
Distribuição das Pontuações
Porcentagem de Pessoas com Cada Pontuação
Percentil de Números Respondidos
Sua Pontuação Histórica
Você não jogou esse quiz